US State Capitals Minefield Quiz Stats

 Plays Quiz Updated Dec 5, 2018

Challenge
Share
Tweet
Embed
Score 0/34 Timer 06:00
3 Plays Today
Rank Capital % Correct
(#10)???
76.7%
(#32)???
71.1%
(#4)???
65%
(#25)???
63.1%
(#40)???
53.4%
(#31)???
52%
(#26)???
49.9%
(#35)???
48%
(#39)???
47%
(#30)???
44.8%
(#15)???
43.7%
(#45)???
42.3%
(#43)???
40%
(#42)???
39.9%
(#48)???
39.4%
(#46)???
37.4%
(#33)???
37.2%
Rank Capital % Correct
(#34)???
37%
(#50)???
35.6%
(#16)???
35.6%
(#47)???
35.3%
(#29)???
34.6%
(#13)???
33.8%
(#11)???
32.8%
(#49)???
31.7%
(#14)???
31.5%
(#44)???
29.4%
(#20)???
29.2%
(#41)???
29.1%
(#21)???
27.8%
(#36)???
27.3%
(#27)???
23.5%
(#5)???
21.8%
Safe????
15.8%

You're not logged in!

Compare scores with friends on all Sporcle quizzes.
OR
Log In

You Might Also Like...

Show Comments

Extras

Top Quizzes Today


Score Distribution

Your Account Isn't Verified!

In order to create a playlist on Sporcle, you need to verify the email address you used during registration. Go to your Sporcle Settings to finish the process.

Report this User

Report this user for behavior that violates our Community Guidelines.

Details: